| 000 | 00679nam a2200229Ia 4500 | ||
|---|---|---|---|
| 005 | 20250108125155.0 | ||
| 008 | 008 250107s9999 xx 000 0 eng d | ||
| 020 | _a978-93-90789-97-9 | ||
| 037 | _aTB | ||
| 040 |
_aCRL _beng _cCRL |
||
| 041 |
_aeng _2eng |
||
| 084 | _aX8(J) R2 | ||
| 084 | _qCRL | ||
| 100 |
_aSrinivas S.V. [...et al] Ed. _9730526 |
||
| 245 | 0 |
_aIndian cinema: today and tomorrow: infrastructure, aesthetics, audiences _cSrinivas S.V. [...et al] Ed. |
|
| 260 |
_aNew Delhi, India _bIndia International Centre _c3539 |
||
| 300 | _axii,350p. | ||
| 365 |
_aINR _b18028 |
||
| 650 | _aARTS | ||
| 942 |
_cTB _hX8(J) R2 |
||
| 999 |
_c1235927 _d1235927 |
||